[Event "Galvarino Lautaro U2200 2nd"]
[Site "Galvarino"]
[Date "2014.12.07"]
[Round "5.3"]
[White "Gidi Cajas, Miguel Angel"]
[Black "Quiriban Espinosa, Nicolas Aleja"]
[Result "1/2-1/2"]
[WhiteElo "1472"]
[BlackElo "1583"]
[PlyCount "48"]
[EventDate "2014.12.06"]
[EventType "swiss"]
[EventRounds "8"]
[EventCountry "CHI"]
[SourceTitle "EXT 2024"]
[Source "ChessBase"]
[SourceDate "2023.10.10"]
[SourceVersion "1"]
[SourceVersionDate "2023.10.10"]
[SourceQuality "1"]

1. d4 Nf6 2. c4 c5 3. d5 b5 4. e3 b4 5. Nf3 d6 6. b3 g6 7. Bb2 Bg7 8. Qc2 a5 9. Be2 Bf5 10. Bd3 Bxd3 11. Qxd3 Nbd7 12. Nbd2 Qb6 13. 0-0 0-0 14. Rfe1 Rfe8 15. e4 e5 16. dxe6 Rxe6 17. e5 dxe5 18. Nxe5 Nxe5 19. Bxe5 Rd8 20. Qc2 Ne8 21. Bxg7 Nxg7 22. Nf3 Nf5 23. Rad1 Rxe1+ 24. Rxe1 Qd6 1/2-1/2

[Event "Galvarino Lautaro U2200 2nd"]
[Site "Galvarino"]
[Date "2014.12.07"]
[Round "6.3"]
[White "Quiriban Espinosa, Nicolas Aleja"]
[Black "Gidi Cajas, Miguel Angel"]
[Result "1-0"]
[WhiteElo "1583"]
[BlackElo "1472"]
[PlyCount "55"]
[EventDate "2014.12.06"]
[EventType "swiss"]
[EventRounds "8"]
[EventCountry "CHI"]
[SourceTitle "EXT 2024"]
[Source "ChessBase"]
[SourceDate "2023.10.10"]
[SourceVersion "1"]
[SourceVersionDate "2023.10.10"]
[SourceQuality "1"]

1. e4 e6 2. d4 d5 3. Nc3 Bb4 4. e5 c5 5. a3 cxd4 6. Qxd4 Nc6 7. Bb5 Bxc3+ 8. Qxc3 Bd7 9. Nf3 Rc8 10. Bd3 Nge7 11. Bg5 Qb6 12. Be3 Qd8 13. Qd2 Nf5 14. Bxf5 exf5 15. Qxd5 0-0 16. 0-0 Qc7 17. Bc5 Be6 18. Qd1 Rfd8 19. Bd6 Qa5 20. Qe2 Bd5 21. Rfe1 Bxf3 22. Qxf3 Nd4 23. Qxb7 Nxc2 24. Bb4 Qc7 25. Qxc7 Rxc7 26. Rac1 Rdc8 27. Red1 Nxb4 28. Rxc7 1-0